Els olis de Catalunya i la seva cuina / Jaume Ciurana, Llorenç Torrado
Descripción Física:
191 p. : il., negre i col ; 27 cm
Otros Autores:
Torrado, Llorenç
Materias:
Oli d'oliva -- Catalunya
MARC
| LEADER | 00000nam a2200000Ia 4500 | ||
|---|---|---|---|
| 001 | 1609 | ||
| 008 | 160829s1981 xx 000 0 cat d | ||
| 080 | |a C-1-172 | ||
| 100 | |a Ciurana i Galceran, Jaume |9 37585 | ||
| 245 | |a Els olis de Catalunya i la seva cuina / Jaume Ciurana, Llorenç Torrado | ||
| 260 | |a Barcelona : |b Servei Central de Publicacions de la Generalitat de Catalunya, |c 1981 | ||
| 300 | |a 191 p. : |b il., negre i col ; |c 27 cm | ||
| 590 | |a A la portada: Generalitat de Catalunya, Departament d'Agricultura, Ramaderia i Pesca | ||
| 650 | |a Oli d'oliva |x Catalunya |9 37586 | ||
| 700 | |a Torrado, Llorenç |9 37587 | ||
| 710 | 1 | |a Catalunya. |b Departament d'Agricultura, Ramaderia i Pesca |9 55595 | |
| 901 | |a Arxiu | ||
| 942 | |n 1 | ||
| 952 | |0 0 |1 0 |4 0 |6 C1172 |7 1 |9 47939 |a Arxiu |b Arxiu |d 2016-12-01 |l 0 |o C-1-172 |p 1609 |r 2016-12-01 00:00:00 |w 2016-12-01 |y ARXIU | ||
| 999 | |c 51739 |d 51739 | ||